Re - branding Greece, με επίκεντρο την Αθήνα. διπλωματική εργασία
Saved in:
| Main Author: | |
|---|---|
| Corporate Author: | |
| Format: | Thesis Book |
| Language: | Greek |
| Published: |
2014.
|
| Subjects: | |
| Online Access: | http://hdl.handle.net/11610/6825 |
| Tags: |
Add Tag
No Tags, Be the first to tag this record!
|
MARC
| LEADER | 00000cam a2200000 a 4500 | ||
|---|---|---|---|
| 001 | 1/109908 | ||
| 008 | 160215s2014####gr | ||| |||| ||gre|| | ||
| 040 | |a GR-MyUa |b gre |c GR-MyUa |e AACR2 | ||
| 041 | 0 | |a gre | |
| 082 | 7 | |a 338.4791495120688 |2 (23) | |
| 100 | 1 | |a Τόλια, Αικατερίνη. | |
| 245 | 1 | 0 | |a Re - branding Greece, με επίκεντρο την Αθήνα. |b διπλωματική εργασία / |c Τόλια Αικατερίνη ; επιβλέπων καθηγητής Κωνσταντίνος Λυμπερόπουλος. |
| 260 | |c 2014. | ||
| 300 | |a 83σ. : |b διαγρ., εικ., πίν. ; |c 30 εκ. | ||
| 502 | |a Πτυχιακή εργασία - Πανεπιστήμιο Αιγαίου, Χίος, 2014. | ||
| 504 | |a Περιλαμβάνει βιβλιογραφία. | ||
| 650 | 0 | |a Hospitality industry |x Marketing. | |
| 650 | 0 | |a Tourism |z Greece |z Athens |x Marketing. | |
| 650 | 0 | |a Tourism |z Greece |z Athens. | |
| 700 | 1 | |a Λυμπερόπουλος, Κωνσταντίνος Χ., |d 1946- |e dgs | |
| 710 | 1 | |a Πανεπιστήμιο Αιγαίου |b Σχολή Επιστημών της Διοίκησης |b Τμήμα Διοίκησης Επιχειρήσεων - Τ.Δ.Ε. | |
| 852 | |a INST |b CHIOS |c DIATR |e 20160215 |h 338.4791495120688 ΤΟΛ |p 005200036105 |q 005200036105 |t DIE |y 23 | ||
| 852 | |a INST |b CHIOS |c DIATR |e 20160215 |h 338.4791495120688 ΤΟΛ |p 005200036106 |q 005200036106 |t DIE |y 23 | ||
| 856 | |u http://hdl.handle.net/11610/6825 | ||
| 924 | |a Τόλια |b Αικατερίνη |y Χίος |z 2014-04 | ||
| 970 | |a Παροικάκη |b Βασιλική |z 15-02-2016 | ||